National innovation systems <a> developing country perspective
Guardado en:
| Autor principal: | |
|---|---|
| Formato: | Libro |
| Lenguaje: | inglés |
| Publicado: |
Saarbrücken
AV Akademikerverlag
2012
|
| Materias: | |
| Etiquetas: |
Sin Etiquetas, Sea el primero en etiquetar este registro!
|
MARC
| LEADER | 00000nam a2200000 4500 | ||
|---|---|---|---|
| 001 | 0220488 | ||
| 005 | 20240314085846.3 | ||
| 020 | |a 978-3-639-43846-8 | ||
| 041 | 0 | |a eng | |
| 044 | |a DE | ||
| 245 | 1 | 0 | |a National innovation systems |b <a> developing country perspective |c Tansel Erbil |
| 264 | 1 | |a Saarbrücken |b AV Akademikerverlag |c 2012 | |
| 300 | |a vi, 195 s. | ||
| 610 | 2 | 0 | |a inovácia |
| 610 | 2 | 0 | |a trh práce |
| 610 | 2 | 0 | |a politika finančná |
| 610 | 2 | 0 | |a politika verejná |
| 610 | 2 | 0 | |a investície priame zahraničné |
| 610 | 2 | 0 | |a telekomunikácie |
| 610 | 2 | 0 | |a štúdie prípadové |
| 610 | 2 | 0 | |a rozvoj technický |
| 610 | 2 | 0 | |a Turecko |
| 100 | 1 | |a Erbil, Tansel | |